01183pam a2200313 a 4500999001700000001000800017003000400025005001700029008004100046010001700087020002800104040001800132043001200150050002400162082001700186100002400203245013300227260005300360300003300413500002000446504003000466600003300496600006300529650003800592650003200630906004500662942003600707952012600743 c26373d263731932437OSt20170204094733.0860312s1986 moua b s001 0beng  a 86006939  a082620614X (alk. paper) aDLCcDLCdDLC ae-sp---00aND813.C58bS85 198600a759.6aB2191 aSullivan, Edward J.10aBaroque painting in Madrid :bthe contribution of Claudio Coello with a catalogue raisonné of his works /cEdward J. Sullivan. aColumbia :bUniversity of Missouri Press,c1986. axi, 293 p. :bill. ;c29 cm. aIncludes index. aBibliography: p. 276-287.10aCoello, Claudio,d1642-1693.10aCoello, Claudio,d1642-1693xCriticism and interpretation. 0aPainting, BaroquezSpainzMadrid. 0aPainterszSpainvBiography. a7bcbccorignewd1eocipf19gy-gencatlg 2lcccBOOKShND 813 .C58S85 1986 00102lcc4070aMUCbMUCcTECHd2017-02-04eDonation (BFA)l0oND 813 .C58S85 1986p33962r2018-07-13w2017-02-04yBOOKS